Gladkowska, Ewa. Zrozumieć czas. - Olsztyn : [Wydawn. Uniwersytetu Warmińsko-Mazurskiego] [u.a.]. - 2003 [Rezension]
| Titel: | Gladkowska, Ewa. Zrozumieć czas. - Olsztyn : [Wydawn. Uniwersytetu Warmińsko-Mazurskiego] [u.a.]. - 2003 [Rezension] |
|---|---|
| Verfasser: | |
| In: |
Borussia, Band 33-34 (2004), Seite 195-201 alle Artikel anzeigen |
| Veröffentlicht: | 2004 |
| Format: | Aufsatz |
| Sprache: | Polnisch |
X
alg: 39482988
001A $01999:12-11-16
001B $01999:03-08-21 $t21:03:40.000
001D $01999:12-11-16
001U $0utf8
001X $00
002@ $0Aox
003@ $0394829883
007A $0394829883 $aHEB
007T $0Herd67179
010@ $apol
011@ $a2004
021A $aGladkowska, Ewa. Zrozumieć czas. - Olsztyn : [Wydawn. Uniwersytetu Warmińsko-Mazurskiego] {[u.a.]. - 2003 [Rezension]
028A $7132707047 $8Żytyniec, Rafał$Z1976- [Tp1] $9184998891
031A $d33-34 $h195-201 $j2004
039B $aIn $8--Abvc--. Borussia. - Olsztyn : [Verlag nicht ermittelbar], 1991-2017. - ISSN 0867-6402 $x200400000330000805 $9048604585
039T $8--Aau--Gladkowska, Ewa [Tnx]. Zrozumieć czas. - Olsztyn : [Wydawn. Uniwersytetu Warmińsko-Mazurskiego] {[u.a.], 2003. - 154, [10] S.. - Ill.. - ISBN 83-7299-235-5 $9130176508
045F $a900.94382 $eDDC23BSB
045F/01 $a900
045F/03 $g4382
045F/03 $g43832
045T $a8,1 $a7,41
lok: 39482988 78
exp: 39482988 78 1 #EPN
201B/01 $018-11-16 $t12:52:17.000
201U/01 $0utf8
203@/01 $0791128482
208@/01 $a12-11-16 $be
209A/01 $a/ $f000 $x00
220C/01 $aTitelaufnehmer: jk
244Z/01 $2Trx $#Prusy Wschodnie i Zachodnie $8--Trx--Ost- und Westpreußen $x01 $939113373X
244Z/01 $2Trx $#arvustused $#recenzijos $#Reviews $#recenziók $#recenzje $#recenzie $#recenze $8--Trx--Rezensionen $x02 $9391357441
247C/01 $82080>Marburg/Lahn, Herder-Institut, Forschungsbibliothek, Bibliographieportal $9336309341
| LEADER | 00000caa a22000002c 4500 | ||
|---|---|---|---|
| 001 | 394829883 | ||
| 003 | DE-603 | ||
| 005 | 20210803210340.0 | ||
| 007 | tu | ||
| 008 | 161112s2004 xx |||| | u00||u|pol c | ||
| 035 | |a (DE-599)HEB394829883 | ||
| 040 | |a DE-603 |b ger |c DE-603 |d DE-603 | ||
| 041 | |a pol | ||
| 082 | 0 | 4 | |8 1\u |a 900.94382 |q DE-101 |2 23/BSB |
| 084 | |a 8,1 |a 7,41 |2 ssgn | ||
| 085 | |8 1\u |b 900 | ||
| 085 | |8 1\u |z 2 |s 4382 | ||
| 085 | |8 1\u |z 2 |s 43832 | ||
| 100 | 1 | |a Żytyniec, Rafał |d 1976- |0 (DE-603)184998891 |0 (DE-588)132707047 |2 gnd | |
| 245 | 0 | 0 | |a Gladkowska, Ewa. Zrozumieć czas. - Olsztyn : [Wydawn. Uniwersytetu Warmińsko-Mazurskiego] [u.a.]. - 2003 [Rezension] |
| 264 | 0 | |c 2004 | |
| 773 | 0 | 8 | |i In |t Borussia |d Olsztyn : [Verlag nicht ermittelbar], 1991-2017 |x 0867-6402 |g Band 33-34 (2004), Seite 195-201 |w (DE-603)048604585 |w (DE-600)1110008-4 |
| 787 | 0 | 8 | |i Rezension von |a Gladkowska, Ewa |t Zrozumieć czas |d Olsztyn : [Wydawn. Uniwersytetu Warmińsko-Mazurskiego] [u.a.], 2003 |h 154, [10] S., Ill. |z 8372992355 |w (DE-603)130176508 |
| 924 | 0 | |9 2080 |a (DE-603)791128482 |b DE-2080 |c HES |d d |g / | |


